Sports Quiz

Random Sports or Football Quiz

Football legends Quiz Stats

 Plays Quiz not verified by Sporcle

Challenge
Share
Tweet
Embed
Score 0/141 Timer 10:00
0 Plays Today
Hint Answer % Correct
Pele
88%
Ronaldo
69.9%
Diego Maradona
31.3%
Rivaldo
30.1%
Eusebio
22.9%
Roberto Carlos
20.5%
Romario
18.1%
Johan Cruyff
16.9%
Bobby Charlton
15.7%
Bobby Moore
15.7%
Zico
15.7%
Garrincha
15.7%
David Beckham
15.7%
Paolo Maldini
14.5%
Gary Lineker
14.5%
Didi
14.5%
George Best
13.3%
Zinedine Zidane
13.3%
13.3%
Franz Beckenbauer
12%
Lev Yashin
12%
Thierry Henry
12%
Ruud Gullit
10.8%
Socrates
10.8%
Alfredo Di Stefano
9.6%
Michel Platini
8.4%
Marco van Basten
8.4%
Jairzinho
8.4%
Alan Shearer
8.4%
Ryan Giggs
8.4%
Paul Scholes
8.4%
Roberto Baggio
7.2%
Eric Cantona
7.2%
Kenny Dalglish
6%
Gordon Banks
6%
Rivelino
6%
Ian Rush
6%
Michael Owen
6%
Dino Zoff
6%
Paul Gascoigne
6%
Gary Neville
6%
Ferenc Puskas
4.8%
Jurgen Klinsmann
4.8%
Peter Schmeichel
4.8%
Paolo Rossi
4.8%
Just Fontaine
4.8%
Hristo Stoichkov
4.8%
Hint Answer % Correct
Frank Rijkaard
4.8%
Kevin Keegan
4.8%
Falcao
4.8%
Raymond Kopa
4.8%
Bryan Robson
4.8%
Bebeto
4.8%
Robbie Fowler
4.8%
Gerd Muller
3.6%
Franco Baresi
3.6%
Dennis Bergkamp
3.6%
Karl-Heinz Rummenigge
3.6%
George Weah
3.6%
Alessandro Del Piero
3.6%
Gerson
3.6%
Emmanuel Petit
3.6%
Edwin van der Sar
3.6%
David Seaman
3.6%
Robert Pires
3.6%
Roy Keane
3.6%
Gheorghe Hagi
2.4%
Carlos Valderrama
2.4%
Edgar Davids
2.4%
Matthias Sammer
2.4%
Paolo Di Canio
2.4%
Marc Overmars
2.4%
Sol Campbell
2.4%
Dennis Irwin
2.4%
Claude Makelele
2.4%
Ruud van Nistelrooy
2.4%
Ian Wright
2.4%
Gianfranco Zola
2.4%
Patrick Viera
2.4%
Stanley Matthews
1.2%
Gabriel Batistuta
1.2%
Lothar Mathaus
1.2%
Tom Finney
1.2%
Roger Milla
1.2%
David Ginola
1.2%
Daniel Passarella
1.2%
Mario Kempes
1.2%
Gunter Netzer
1.2%
Sepp Maier
1.2%
Alan Hansen
1.2%
Jay-Jay Okocha
1.2%
Roberto Di Matteo
1.2%
Steve McManaman
1.2%
Nicolas Anelka
1.2%
Hint Answer % Correct
Nicky Butt
1.2%
Ole Gunnar Solskjaer
1.2%
Dwight Yorke
1.2%
Jaap Stam
1.2%
Andy Cole
1.2%
John Charles
0%
Giuseppe Meazza
0%
Duncan Edwards
0%
Claudio Caniggia
0%
Totao
0%
Jose Luis Chilavert
0%
Michael Laudrup
0%
Andril Shevchenko
0%
Glenn Hoddle
0%
Davor Suker
0%
Dixie Dean
0%
Sandor Kocsis
0%
Juan Alberto Schiaffino
0%
Christian Vieri
0%
Johan Neeskens
0%
Luigi Riva
0%
Jose Nasazzi
0%
Ricardo Zamora
0%
Enzo Francescoli
0%
Francisco Gento
0%
Jim Baxter
0%
Zbigniew Boniek
0%
Pat Jennings
0%
Gyorgy Sarosi
0%
Giacinto Facchetti
0%
Ladislav Kubala
0%
Neville Southall
0%
Paulo Futre
0%
Preben Elkjaer
0%
Nigel Winterburn
0%
Graeme Le Seux
0%
Gus Poyet
0%
Martin Keown
0%
Paul Ince
0%
Jimmy-Floyd Hasselbaink
0%
Peter Beardsley
0%
Steve Bruce
0%
Sami Hyypia
0%
Mark Hughes
0%
Les Ferdinand
0%
Matt Le Tissier
0%
Gary Speed
0%

You're not logged in!

Compare scores with friends on all Sporcle quizzes.
OR
Log In

You Might Also Like...

Show Comments

Extras

Created Sep 9, 2016ReportNominate
Tags:Football Quiz, legend

Top Quizzes Today


Score Distribution

Your Account Isn't Verified!

In order to create a playlist on Sporcle, you need to verify the email address you used during registration. Go to your Sporcle Settings to finish the process.

Report this User

Report this user for behavior that violates our Community Guidelines.

Details: